LEADER 01071nam0-22003371i-450 001 990000854350403321 005 20190130111332.0 010 $a3-540-60718-8 035 $a000085435 035 $aFED01000085435 035 $a(Aleph)000085435FED01 035 $a000085435 100 $a20001010d1996----km-y0itay50------ba 101 0 $aita 105 $ay-------001yy 200 1 $aNumerical methods for singularly perturbed differential equations$econvection-diffusion and flow problems$fH.-G. Roos, M. Stynes, L. Tobiska 210 $aBerlin$cSpringer$d1996 215 $aXVI, 348 p.$d24 cm ; 225 1 $aSpringer series in computational mathematics$v24 676 $a519.4 700 1$aRoss,$bHans-Gorg$0762129 701 1$aStynes,$bMartin$0502957 701 1$aTobiska,$bLutz$042163 801 0$aIT$bUNINA$gRICA$2UNIMARC 901 $aBK 912 $a990000854350403321 952 $a02 45 E 21$b7169$fFINBN 959 $aFINBN 996 $aNumerical methods for singularly perturbed differential equations$91544764 997 $aUNINA DB $aING01 LEADER 01269nam 2200397 450 001 9910809172103321 005 20230819014803.0 010 $a1-78720-139-2 035 $a(CKB)3710000001001814 035 $a(MiAaPQ)EBC4807869 035 $a(EXLCZ)993710000001001814 100 $a20200109h20161924 uy 0 101 0 $aeng 135 $aurcnu|||||||| 181 $ctxt$2rdacontent 182 $cc$2rdamedia 183 $acr$2rdacarrier 200 14$aThe waning of the middle ages $ea study of the forms of life, thought and art in France and the Netherlands in the XIVth and XVth centuries /$fby J. Huizinga 210 1$a[Place of publication not identified] :$cPickle Partners Publishing,$d2016. 210 4$dİ1924 215 $a1 online resource (305 pages) 606 $aCivilization, Medieval 606 $aMiddle Ages 607 $aFrance$xSocial life and customs 607 $aNetherlands$xSocial life and customs 615 0$aCivilization, Medieval. 615 0$aMiddle Ages. 676 $a940.1 700 $aHuizinga$b Johan$f1872-1945,$0292479 801 0$bMiAaPQ 801 1$bMiAaPQ 801 2$bMiAaPQ 906 $aBOOK 912 $a9910809172103321 996 $aThe waning of the middle ages$92689849 997 $aUNINA